Fr. Conceicao Rodrigues College of Engineering

Engineering Graphics II (Record no. 22975)

MARC details
000 -LEADER
fixed length control field 00316nam a2200145Ia 4500
082 ## - DEWEY DECIMAL CLASSIFICATION NUMBER
Classification number 6.6
Item number DAB
100 ## - MAIN ENTRY--PERSONAL NAME
Personal name Dabhade/M.L
250 ## - EDITION STATEMENT
Edition statement 7
245 ## - TITLE STATEMENT
Title Engineering Graphics II
260 ## - PUBLICATION, DISTRIBUTION, ETC.
Name of publisher, distributor, etc. Vision Publications
Place of publication, distribution, etc. Jalgaon
Date of publication, distribution, etc. 2004
546 ## - LANGUAGE NOTE
Language note ENGLISH
654 ## - SUBJECT ADDED ENTRY--FACETED TOPICAL TERMS
Focus term Engineering Graphics
942 ## - ADDED ENTRY ELEMENTS (KOHA)
Koha item type BOOK
Holdings
Withdrawn status Lost status Damaged status Not for loan Collection Home library Current library Date acquired Total Checkouts Full call number Barcode Date last seen Price effective from Koha item type
        CRC Fr. Agnel's C.Rodrigues College of Engineering Fr. Agnel's C.Rodrigues College of Engineering 17/03/2023   6.6 DAB 15922 17/03/2023 17/03/2023 BOOK
        CRC Fr. Agnel's C.Rodrigues College of Engineering Fr. Agnel's C.Rodrigues College of Engineering 17/03/2023   6.6 DAB 15923 17/03/2023 17/03/2023 BOOK
        CRC Fr. Agnel's C.Rodrigues College of Engineering Fr. Agnel's C.Rodrigues College of Engineering 17/03/2023   6.6 DAB 15924 17/03/2023 17/03/2023 BOOK
        CRC Fr. Agnel's C.Rodrigues College of Engineering Fr. Agnel's C.Rodrigues College of Engineering 17/03/2023   6.6 DAB 15925 17/03/2023 17/03/2023 BOOK
        CRC Fr. Agnel's C.Rodrigues College of Engineering Fr. Agnel's C.Rodrigues College of Engineering 17/03/2023   6.6 DAB 15926 17/03/2023 17/03/2023 BOOK